Μαθηματική θεωρία βελτιστοποίησης
Αποθηκεύτηκε σε:
| Κύριος συγγραφέας: | |
|---|---|
| Άλλοι συγγραφείς: | , , , |
| Μορφή: | Βιβλίο |
| Γλώσσα: | Greek English |
| Δημοσίευση: |
Αθήνα :
Νέων Τεχνολογιών,
2005.
|
| Θέματα: | |
| Ετικέτες: |
Προσθήκη ετικέτας
Δεν υπάρχουν, Καταχωρήστε ετικέτα πρώτοι!
|
MARC
| LEADER | 00000cam a2200000 i 4500 | ||
|---|---|---|---|
| 001 | 1/53368 | ||
| 008 | 070831s2005 gr | ||| |||| ||gre|| | ||
| 020 | |a 960810579- | ||
| 035 | |l 10090267 | ||
| 040 | |a GR-MyUA |b gre |e AACR2 | ||
| 041 | 1 | |a gre |h eng | |
| 082 | 0 | |a 519.3 |2 (22) | |
| 100 | 1 | |a Du, Dingzhu. | |
| 245 | 1 | 0 | |a Μαθηματική θεωρία βελτιστοποίησης / |c Din-Zhu Du, Panos M. Pardalos, Weili Wu ; επιμέλεια ελληνικής έκδοσης Γιάννης Μαρινάκης, Μαγδαληνή Μαρινάκη. |
| 260 | |a Αθήνα : |b Νέων Τεχνολογιών, |c 2005. | ||
| 300 | |a 348 σ. : |b σχέδια ; |c 24 εκ. | ||
| 500 | |a Τίτλος πρωτοτύπου: Mathematical theory of optimization. | ||
| 504 | |a Βιβλιογραφία: σ. 325-343. | ||
| 650 | 0 | 0 | |a Mathematical optimization. |
| 700 | 1 | |a Wu, Weili. | |
| 700 | 1 | |a Μαρινάκης, Γιάννης, |e edt | |
| 700 | 1 | |a Μαρινάκη, Μαγδαληνή, |e edtf | |
| 700 | 1 | |a Pardalos, P. M. |q (Panos M.), |d 1954- | |
| 852 | |a INST |b CHIOS |e 20080227 |h 519.3 DU |p 005200027722 |q 005200027722 |t BK |y 0 | ||
| 852 | |a INST |b LESVOS |e 20070831 |h 519.3 DUD |p 005100041101 |q 005100041101 |t BK |y 0 | ||
| 901 | |a BIBL1-2007-2 | ||
| 901 | |a BIBL2-2008-1 | ||
| 909 | |a Λ |b 136538 | ||
| 909 | |a X |b 146023 | ||
| 922 | |a 1ΕΛΗ |b 200707 |c ΕΠΕΑΕΚ2/ΤΓ |d Σ. ΠΑΤΑΚΗΣ | ||
| 922 | |a 2ΕΛΗ |b 200802 |c ΕΠΕΑΕΚ2/ΤΜΟΔ |d Σ. ΠΑΤΑΚΗΣ | ||
| 970 | |a ΚΑΡΑ |b ΓΙΑΣΕΜΗ |z 2007/08/31 | ||